| 000 | 01519nam a2200325 c 4500 | ||
|---|---|---|---|
| 003 | BLK | ||
| 005 | 20190423120203.0 | ||
| 008 | 180408b bul|||||r ||||||| ||bul|| | ||
| 010 | _aKNG00065024000 | ||
| 040 | _aBLK | ||
| 041 |
_aBUL _cBUL |
||
| 080 |
_aНаука за държавата и правото. Общи въпроси. Увод в правото. Методи и помощни науки на правото _b340 _x _z340 |
||
| 100 | 1 |
_aАлексеев, Сергей Сергеевич _eпърви автор _9290228 |
|
| 700 | 1 |
_aСтратев, Борислав _eпрев. от рус. _9290229 |
|
| 139 |
_aАлексеев, Сергей Сергеевич _bА 51 |
||
| 245 | 1 | 0 |
_aОбща теория на правото _bКурс в 2 т. _cСергей Сергеевич Алексеев; прев. от рус. Борислав Стратев. _nТ. 1 |
| 257 | _aSUN | ||
| 260 |
_аСофия _bНаука и изкуство _c1984 - _fВраца : печ. В. Александров |
||
| 300 | _c21 см | ||
| 380 | _a3 | ||
| 500 | _aОриг. загл. Общая теория права / С. С. Алексеев. | ||
| 650 | 4 |
_aПраво - теория _9248052 |
|
| 653 | _aправо | ||
| 760 | 1 |
_aАлексеев, Сергей Сергеевич _d1984 _h312 с. _nБиблиогр. под линия. - Предм. показалец. _tТ. 1 |
|
| 852 | _aЦб 132200 | ||
| 856 | 4 |
_qpdf _u |
|
| 856 | 4 |
_qpdf _u |
|
| 942 |
_cKNG _n0 _01 |
||
| 944 |
_aCR _c13.06.2004 _kКети_Илиева |
||
| 944 |
_aED _c06.12.2012 _k |
||
| 999 |
_c60836 _d60836 |
||